[Event "3MCR_4D_2LA_4S"]
[Site "?"]
[Date "1999.??.??"]
[Round "4"]
[White "Pech, Jan"]
[Black "Jordanek, Jiri"]
[Result "1/2-1/2"]
[WhiteElo "1800"]
[BlackElo "1800"]
[PlyCount "99"]
[EventDate "1999.??.??"]
[EventType "corr"]

1. c4 Nf6 2. Nf3 e6 3. d4 b6 4. g3 Ba6 5. b3 Bb4+ 6. Bd2 Be7 7. Bg2 d5 8. O-O
c6 9. Bc3 Nbd7 10. Nbd2 O-O 11. Re1 c5 12. e4 dxe4 13. Nxe4 Nxe4 14. Rxe4 Bb7
15. Re1 Bf6 16. Qc2 cxd4 17. Nxd4 Bxg2 18. Kxg2 Qc7 19. Rad1 Rad8 20. Nb5 Qc6+
21. Kg1 a6 22. Nd4 Qb7 23. Re3 Rfe8 24. Rde1 b5 25. Nf3 bxc4 26. bxc4 Bxc3 27.
Rxc3 Nc5 28. Ng5 g6 29. Ne4 Nxe4 30. Rxe4 Re7 31. Ree3 Red7 32. Red3 Qc6 33.
Rxd7 Qxd7 34. c5 Qc6 35. a3 Kf8 36. Qb3 Rd5 37. Rc1 Ke7 38. h3 h5 39. Qb6 Qb5
40. Qxb5 axb5 41. Kf1 Kd7 42. c6+ Kc7 43. Ke2 Rd8 44. Rc3 Kb6 45. Ke3 Rc8 46.
Rb3 Kxc6 47. Rc3+ Kd7 48. Rd3+ Ke7 49. Rb3 Rc5 50. Rb4 1/2-1/2

[Event "3MCR_4D_2LA_4S"]
[Site "?"]
[Date "1999.??.??"]
[Round "4"]
[White "Jordanek, Jiri"]
[Black "Trcka, Vaclav"]
[Result "0-1"]
[WhiteElo "1800"]
[BlackElo "2130"]
[PlyCount "101"]
[EventDate "1999.??.??"]
[EventType "corr"]

1. e4 c5 2. Nf3 Nc6 3. d4 cxd4 4. Nxd4 Nf6 5. Nc3 e5 6. Ndb5 d6 7. Bg5 a6 8.
Na3 b5 9. Nd5 Be7 10. Bxf6 Bxf6 11. c3 O-O 12. Nc2 Bg5 13. a4 bxa4 14. Rxa4 a5
15. Bc4 Rb8 16. b3 Kh8 17. O-O g6 18. Qd3 f5 19. f3 fxe4 20. fxe4 Rxf1+ 21.
Qxf1 Be6 22. Nce3 Bxe3+ 23. Nxe3 Bxc4 24. Rxc4 Qb6 25. Qf2 Ne7 26. b4 a4 27.
Nc2 Qxf2+ 28. Kxf2 Rb7 29. Ke3 Kg7 30. Na3 Kf6 31. b5 Ra7 32. Kd3 Ke6 33. Rb4
Ra8 34. Rb1 Ng8 35. Nc2 Nf6 36. Nb4 d5 37. exd5+ Nxd5 38. Na6 Rd8 39. c4 Nb6+
40. Kc3 Rd4 41. c5 Nd5+ 42. Kb2 Rd2+ 43. Kc1 Rxg2 44. b6 a3 45. Rb3 a2 46. Ra3
Ne7 47. Nb4 Rg4 48. Na6 e4 49. b7 Nc6 50. Nb4 Rg1+ 51. Kd2 0-1

[Event "3MCR_4D_2LA_4S"]
[Site "?"]
[Date "1999.??.??"]
[Round "4"]
[White "Kovac, Alexandr"]
[Black "Pech, Jan"]
[Result "1/2-1/2"]
[WhiteElo "1800"]
[BlackElo "1800"]
[PlyCount "92"]
[EventDate "1999.??.??"]
[EventType "corr"]

1. d4 d5 2. c4 e6 3. Nc3 Nf6 4. Bg5 Be7 5. e3 O-O 6. Nf3 h6 7. Bh4 b6 8. Bd3
dxc4 9. Bxc4 Bb7 10. O-O Nbd7 11. Rc1 c5 12. Qe2 cxd4 13. Nxd4 a6 14. Rfd1 Qe8
15. a3 Ne5 16. Ba2 Rd8 17. Bg3 Bd6 18. e4 Qe7 19. b4 Bc7 20. f4 Nc6 21. Nxc6
Bxc6 22. e5 Nd5 23. Nxd5 Bxd5 24. Bxd5 exd5 25. Qxa6 Rd7 26. Bf2 f6 27. Qb5 Qf7
28. exf6 Bxf4 29. fxg7 Rfd8 30. Rb1 Bxh2+ 31. Kxh2 Qxf2 32. Qf1 Qh4+ 33. Kg1
Rxg7 34. Rb3 Qg5 35. Qf3 Rf7 36. Qh3 Rg7 37. Rbd3 Kh8 38. Qf3 Rgd7 39. Qf2 Rg7
40. Rf3 Rdg8 41. Rd2 Qe5 42. Qe3 Qd6 43. Qd4 Rc8 44. Rf1 Qe6 45. Qxd5 Qe3+ 46.
Kh1 Qxa3 1/2-1/2

[Event "3MCR_4D_2LA_4S"]
[Site "?"]
[Date "1999.??.??"]
[Round "4"]
[White "Portych, Vaclav"]
[Black "Bernath, Stepan"]
[Result "0-1"]
[WhiteElo "1925"]
[BlackElo "1800"]
[PlyCount "112"]
[EventDate "1999.??.??"]
[EventType "corr"]

1. c4 e5 2. Nc3 Nf6 3. Nf3 Nc6 4. g3 Bb4 5. Bg2 O-O 6. O-O e4 7. Ng5 Bxc3 8.
bxc3 Re8 9. f3 e3 10. d4 d5 11. c5 Na5 12. Qd3 h6 13. Nh3 Nc4 14. a4 Bd7 15.
Nf4 c6 16. Rb1 b6 17. cxb6 axb6 18. Rb4 c5 19. dxc5 bxc5 20. Rb1 Bxa4 21. Bh3
Bc6 22. Ng2 Qe7 23. Re1 Ra2 24. Bf5 Ba4 25. Rf1 Bc2 26. Qxc2 Rxc2 27. Bxc2 Qa7
28. Rd1 Qa2 29. Ne1 d4 30. cxd4 Nd5 31. dxc5 Nc3 32. Rb4 Nxe2+ 33. Kg2 Nc3 34.
Rd7 g5 35. Bb2 Nd5 36. Rbb7 Rf8 37. Rxd5 Nxb2 38. Rdd7 Nc4 39. Re7 Na3 40. Ra7
Qb2 41. Reb7 Qc1 42. Bb3 Qxe1 43. Bxf7+ Rxf7 44. Rxf7 Qf2+ 45. Kh3 Qf1+ 46. Kg4
Qc4+ 47. f4 Qxf7 48. Rxf7 Kxf7 49. Kf3 g4+ 50. Kxe3 Ke6 51. Ke4 Nb5 52. c6 h5
53. f5+ Kf6 54. Kf4 Nd6 55. Ke3 Kxf5 56. Kd4 Ke6 0-1

[Event "3MCR_4D_2LA_4S"]
[Site "?"]
[Date "1999.??.??"]
[Round "4"]
[White "Celbr, Rudolf"]
[Black "Spilka, Jiri"]
[Result "0-1"]
[WhiteElo "1800"]
[BlackElo "2000"]
[PlyCount "83"]
[EventDate "1999.??.??"]
[EventType "corr"]

1. c4 Nf6 2. Nf3 d5 3. Nc3 d4 4. Nb5 Nc6 5. e3 e5 6. exd4 e4 7. Ng5 Nxd4 8. d3
Nxb5 9. cxb5 Bb4+ 10. Bd2 Bg4 11. Qc2 exd3 12. Bxd3 Qe7+ 13. Kf1 Bxd2 14. Qxd2
O-O-O 15. h3 Bh5 16. Qc2 Rhe8 17. Bc4 Rd7 18. Kg1 Red8 19. Nf3 Bxf3 20. gxf3
Qe5 21. Kf1 Rd2 22. Qc3 Qf4 23. Re1 R8d4 24. Be2 Ne8 25. Rg1 h5 26. Rg3 g6 27.
Qa3 Nd6 28. Qxa7 Ra4 29. Qc5 Rxa2 30. b6 c6 31. Qc3 Raxb2 32. Qh8+ Kd7 33. Qb8
Rxb6 34. Qf8 Qf6 35. f4 Qd8 36. Qg7 Qh4 37. Rf3 Rbb2 38. Re3 Qxf4 39. Qf8 c5
40. Qe7+ Kc6 41. Bf3+ Kb6 42. Qd8+ 0-1

[Event "3MCR_4D_2LA_4S"]
[Site "?"]
[Date "1999.??.??"]
[Round "4"]
[White "Portych, Vaclav"]
[Black "Celbr, Rudolf"]
[Result "0-1"]
[WhiteElo "1925"]
[BlackElo "1800"]
[PlyCount "84"]
[EventDate "1999.??.??"]
[EventType "corr"]

1. c4 c5 2. Nc3 Nf6 3. Nf3 e6 4. g3 Nc6 5. Bg2 d5 6. cxd5 Nxd5 7. O-O Be7 8. d4
O-O 9. e4 Nxc3 10. bxc3 b6 11. d5 exd5 12. exd5 Na5 13. Ne5 Bd6 14. Bf4 Bf5 15.
Qf3 Qf6 16. Rfe1 Rfe8 17. Nc6 Bxf4 18. Nxa5 Be5 19. Nc4 Bxc3 20. Rxe8+ Rxe8 21.
Rc1 Bd4 22. Nd6 Qxd6 23. Qxf5 Re2 24. Rf1 g6 25. Qc8+ Kg7 26. Qc6 Qf6 27. Qxf6+
Kxf6 28. a4 Ke5 29. Bf3 Ra2 30. Bd1 c4 31. Kg2 Kxd5 32. h4 a6 33. Kf3 h5 34.
Kf4 b5 35. axb5 axb5 36. Bf3+ Kc5 37. g4 hxg4 38. Bxg4 Rxf2+ 39. Rxf2 Bxf2 40.
h5 c3 41. Bd1 gxh5 42. Kf3 Kd4 0-1